[Event "It (open)"]
[Site "masterchessopen.com Muehlhausen (Germany)"]
[Date "2005.05.07"]
[Round "7"]
[White "Salzberg Gregor (GER)"]
[Black "Horatschek Peter (GER)"]
[Result "1-0"]
[WhiteElo "2106"]
[BlackElo "1690"]

1.d4 d5 2.c4 c6 3.Nc3 Nf6 4.e3 Nbd7 5.Nf3 e6 6.Bd3 dxc4 7.Bxc4 Qc7 8.O-O b6
9.e4 c5 10.d5 exd5 11.exd5 Bd6 12.Re1+ Kd8 13.Nb5 Qb8 14.g3 Be5 15.Nxe5 Nxe5
16.Bf4 Re8 17.d6 Nxc4 18.Rxe8+ Nxe8 19.d7 {#r} 1-0

[Event "It (open)"]
[Site "masterchessopen.com Karvina (Czech Republic)"]
[Round "6"]
[White "Jankovec Ivan (CZE)"]
[Black "Kantorik Marian (SVK)"]
[Result "0-1"]
[WhiteElo "2190"]
[BlackElo "2326"]

1.d4 d5 2.Nf3 Nf6 3.c4 c6 4.Nc3 e6 5.e3 Nbd7 6.Bd3 dxc4 7.Bxc4 b5 8.Bd3 Bb7
9.O-O a6 10.e4 c5 11.e5 Bxf3 12.Qxf3 cxd4 13.exf6 dxc3 14.Be4 Ra7 15.Be3 Rc7
16.Bf4 e5 17.fxg7 Bxg7 18.Qg3 exf4 19.Qxg7 Qf6 20.Qxf6 Nxf6 21.Rfe1 cxb2
22.Rad1 O-O {#R} 0-1

[Event "It (open) \"]
[Site "masterchessopen.com Pardubice (Czech Republic)"]
[Round "5"]
[White "Blazek Jiri (CZE)"]
[Black "Cernousek Lukas (CZE)"]
[Result "0-1"]
[WhiteElo "2207"]
[BlackElo "2379"]

1.d4 d5 2.c4 c6 3.Nf3 Nf6 4.Nc3 e6 5.e3 Nbd7 6.Bd3 dxc4 7.Bxc4 b5 8.Bd3 Bb7
9.O-O b4 10.Na4 c5 11.Nxc5 Nxc5 12.dxc5 Bxc5 13.Qa4+ Ke7 14.Rd1 Qb6 15.Ne5
Rhd8 16.Bd2 Rd5 17.Nc4 Qa6 18.Na5 Rxd3 19.Bxb4 Rxd1+ 20.Rxd1 Rc8 21.Bxc5+ Rxc5
22.Qd4 Rd5 23.Qb4+ Ke8 {#R} 0-1

[Event "It (open)"]
[Site "masterchessopen.com Brno (Czech Republic)"]
[Date "2005.07.07"]
[Round "6"]
[White "Mlynek Petr (CZE)"]
[Black "Sladek Vladislav (CZE)"]
[Result "1-0"]
[WhiteElo "2270"]
[BlackElo "2026"]

1.d4 d5 2.c4 c6 3.Nf3 e6 4.Nc3 Nf6 5.e3 Nbd7 6.Bd3 dxc4 7.Bxc4 b5 8.Bd3 Bb7
9.e4 b4 10.Na4 c5 11.e5 Nd5 12.O-O cxd4 13.Re1 g6 14.Bg5 Qa5 15.Nxd4 a6 16.a3
bxa3 17.bxa3 Bg7 18.Bd2 Qd8 19.f4 O-O 20.Rb1 Rb8 21.Qe2 Nxe5 22.fxe5 Nf4
23.Qe3 Bxe5 24.Bc3 Bxg2 25.Qxe5 Nxd3 26.Qg7+ Kxg7 27.Nf5+ {#r} 1-0

[Event "Ch Europe (team)"]
[Site "masterchessopen.com Goteborg (Sweden)"]
[Date "2005.08.03"]
[Round "5"]
[White "Lputian Smbat G (ARM)"]
[Black "Ivanisevic Ivan (SRB)"]
[Result "1-0"]
[WhiteElo "2614"]
[BlackElo "2588"]

{ Lputian Smbat G (ARM) +4 =3 -3 Ivanisevic Ivan (SCG) +1 =2 -0 } 1.d4 Nf6
2.c4 e6 3.Nf3 d5 4.Nc3 c6 5.e3 Nbd7 6.Bd3 dxc4 7.Bxc4 b5 ( 7...a6 8.O-O b5
9.Be2 c5 10.dxc5 Bxc5 11.a3 Qc7 12.Bd2 Bd6 13.Rc1 Qb8 14.Na2 Nd5 15.Nb4 Bb7
16.Nxd5 Bxd5 17.Bb4 Bxb4 18.axb4 Nf6 19.Qd4 O-O 20.Ne5 Rd8 21.Rfd1 Ne4 22.f3
f6 23.Nc6 Bxc6 24.Qxd8+ Qxd8 25.Rxd8+ Rxd8 26.Rxc6 Nd6 27.Rxa6 { ...1/2-1/2,
Vakhidov Tahir 2458 - Ivanisevic Ivan 2530 , Chania 2000 It (open) } ) 8.Bd3 (
8.Be2 Bb7 9.O-O Be7 10.e4 b4 11.e5 bxc3 12.exf6 Bxf6 13.bxc3 c5 14.dxc5 O-O
15.Be3 Be7 16.Rb1 Qc8 17.Qd3 Rd8 18.Qb5 Rb8 19.Qa5 Bxc5 20.Bxc5 Nxc5 21.Rfd1
Rxd1+ 22.Rxd1 Ne4 23.c4 Qc5 24.Rd8+ Rxd8 25.Qxd8+ Qf8 26.Qa5 Qc5 27.Qd8+ Qf8 {
...1/2-1/2, Lputian Smbat G 2638 - Ivanchuk Vassily 2699 , Bled 2002 Olympiad
} ) 8...Bd6 { ?/= } 9.Ng5 ( 9.Qc2 Qc7 10.Bd2 Bb7 11.Ne2 O-O 12.Rc1 c5 13.Bxb5
Bxf3 14.gxf3 Qb7 15.Qa4 Qxf3 16.Bc6 Nd5 17.Rf1 N7b6 18.Qc2 c4 19.Bxa8 Rxa8
20.a3 Bxh2 21.e4 Nf6 22.Nc3 Qg2 23.e5 Nfd5 24.Qe4 Qxe4+ 25.Nxe4 Nf4 26.Nc5
Nfd5 27.f4 Bg3+ 28.Ke2 g6 { ...1-0, Lugovoi Aleksei 2552 - Ehlvest Jaan 2622 ,
Moscow 18. 2.2005 It (open) "Aeroflot" } ) 9...Bb7 ( 9...h6 10.Nge4 Nxe4
11.Nxe4 Be7 12.O-O O-O 13.b3 Rb8 14.Bb2 f5 15.Ng3 c5 16.a4 c4 17.Be2 bxa4
18.Bxc4 Nb6 19.Be2 Bd7 20.Ba3 Bxa3 21.Rxa3 axb3 22.Qxb3 Nd5 23.Qc2 Qb6 24.Nh5
Rfe8 25.Qd2 Qb2 26.Qxb2 Rxb2 27.Rxa7 Rxe2 28.Rxd7 g5 29.Ng3 { ...1-0, Islam Kh
Aminul 2326 - Reefat Bin-Sattar 2462 , Calcutta 12.11.2004 It (open) } ) (
9...e5 10.Qf3 Qb6 11.Bxb5 exd4 12.exd4 Bb7 13.Qe2+ Be7 14.Bc4 O-O 15.Nxf7 Rxf7
16.Qxe7 Nd5 17.Qe2 Qxd4 18.Be3 Qf6 19.O-O Ne5 20.Bb3 Qh4 21.f3 a5 22.Bf2 Qh5
23.Bg3 Nd7 24.Nxd5 cxd5 25.Qb5 Nf6 26.Rfc1 Qg5 27.Rc7 Rxc7 28.Bxc7 Qe3+ 29.Kh1
{ ...1-0, Koneru Humpy 2503 - Barua Dibyendu 2525 , Visakhapatnam 9.12.2004 Ch
India } ) 10.Qf3 ( 10.f4 a6 11.e4 b4 12.e5 bxc3 13.bxc3 Be7 14.exf6 Nxf6
15.Rb1 Rb8 16.O-O O-O 17.f5 exf5 18.Bf4 Bd6 19.Bxd6 Qxd6 20.Rxf5 g6 21.Rf2 c5
22.Bc4 Bd5 23.Rxb8 Rxb8 24.Bxd5 Qxd5 25.h4 Kg7 26.Qf1 Rb6 27.Rf4 h6 28.Nf3 Nh5
29.Rg4 Qf5 { ...0-1, Vlatkovic Sinisa 2308 - Bodiroga Predrag 2418 , Herceg
Novi 16. 5.2005 Ch SCG (team) } ) ( 10.Bd2 Qe7 11.Qf3 { +0.60 CAP } ) 10...Rb8
( 10...a6 11.O-O Qc7 12.Qh3 h6 13.e4 e5 14.Nf3 Bc8 15.Qh4 exd4 16.Nxd4 Ne5
17.Qg3 Nh5 18.Qe3 Ng4 19.Qe2 Bxh2+ 20.Kh1 Bg1 21.e5 Bxf2 { 0-1, Mchedlishvili
Mikheil 2504 - Sandipan Chanda 2543 , Abudhabi 2003 It (open) } ) ( 10...Qb6
11.Qh3 ( 11.O-O c5 12.dxc5 { +0.11 CAP } ) 11...Be7 12.O-O b4 13.Ne2 c5 14.Re1
h6 15.Nf3 O-O 16.b3 Rfd8 17.Bb2 a5 18.Nd2 a4 19.Nc4 Qc6 20.Rad1 axb3 21.axb3
Ne4 22.Nf4 Bg5 23.Bxe4 Qxe4 24.Nd6 Qc6 25.dxc5 Nxc5 26.Nxb7 Qxb7 27.Nh5 Nd3
28.Bxg7 Nxe1 29.Rxe1 Rd2 30.Qg3 { ...1/2-1/2, Kozul Zdenko 2640 - Short Nigel
D 2687 , Sarajevo 24. 5.2004 It (cat.15) } ) 11.Qh3 { +0.26 CAP N } ( 11.O-O
h6 12.Nge4 Be7 13.Rd1 O-O 14.Qg3 Nxe4 15.Nxe4 c5 16.dxc5 Nxc5 17.Nxc5 Bxc5
18.e4 Qb6 19.Bf4 Rbc8 20.Rac1 Kh8 21.h3 Rfd8 22.b4 Bd4 23.Bc7 Rxc7 24.Qxc7 Ba1
25.Bf1 Bd4 26.Qxb6 Bxb6 27.Bxb5 Bxe4 28.Bc6 f5 29.a4 e5 30.Re1 Bd4 { ...1-0,
Kozul Zdenko 2640 - Godena Michele 2550 , Istanbul 2003 Ch Europe } ) 11...b4
12.Nce4 Nxe4 13.Nxe4 Be7 14.O-O c5 15.dxc5 Nxc5 16.Nxc5 Bxc5 17.Rd1 Qb6 { ? }
( 17...Qf6 18.Bd2 Rd8 19.Be1 a6 { } ) 18.b3 Ke7 19.Qg3 Rbg8 20.Bb2 Bd6 21.Qh4+
f6 22.Bc4 h5 23.Qh3 f5 { ? } ( 23...Bc5 24.Rac1 Rd8 25.Bd4 Bxd4 { } ) 24.Rd2
Bb8 25.Rad1 Bc6 26.e4 Bxe4 27.Bxg7 Rxg7 28.Qh4+ { } {#r} 1-0

[Event "Tournament \"]
[Site "masterchessopen.com Internet"]
[Date "2005.08.06"]
[Round "3"]
[White "Czerwonski Aleksander (POL)"]
[Black "Panarin Michail (RUS)"]
[Result "0-1"]
[WhiteElo "2372"]
[BlackElo "2486"]

1.d4 d5 2.c4 c6 3.Nf3 Nf6 4.e3 e6 5.Nc3 Nbd7 6.Bd3 dxc4 7.Bxc4 b5 8.Bd3 Bb7
9.e4 b4 10.Na4 c5 11.e5 Nd5 12.O-O cxd4 13.Bg5 Be7 14.Bxe7 Qxe7 15.Re1 O-O
16.Qe2 Nf4 17.Qc2 Bxf3 {#R} 0-1

[Event "Ch Germany (seniors)"]
[Site "masterchessopen.com Essen (Germany)"]
[Date "2005.08.20"]
[Round "1"]
[White "Schneider Miloca (GER)"]
[Black "Neese Hans-Joachim (GER)"]
[Result "0-1"]
[WhiteElo "2040"]
[BlackElo "2244"]

1.d4 Nf6 2.c4 e6 3.Nf3 d5 4.Nc3 c6 5.e3 Nbd7 6.Bd3 dxc4 7.Bxc4 b5 8.Bd3 Bb7
9.O-O Be7 10.Qe2 O-O 11.Bd2 a6 12.Rac1 c5 13.Rfd1 Qb6 14.dxc5 Nxc5 15.Bb1 b4
{#R} 0-1

[Event "It (open)"]
[Site "masterchessopen.com Izmir (Turkey)"]
[Round "9"]
[White "Bagaturov Giorgi (GEO)"]
[Black "Zarkua Davit (GEO)"]
[Result "1-0"]
[WhiteElo "2448"]
[BlackElo "2343"]

1.d4 Nf6 2.c4 e6 3.Nf3 d5 4.Nc3 c6 5.e3 Nbd7 6.Bd3 dxc4 7.Bxc4 b5 8.Bd3 Bb7
9.O-O a6 10.e4 c5 11.d5 c4 12.Bc2 e5 13.Ne2 Bc5 14.b3 cxb3 15.axb3 O-O 16.Ng3
Re8 17.Bb2 g6 18.Qd2 Bd6 19.Kh1 Rc8 20.Rac1 Nc5 21.Qg5 Nfd7 22.Qh6 Qf6 23.Ng5
Qg7 24.Qh3 Be7 25.Nf3 Rc7 26.b4 Na4 27.Bxa4 Rxc1 28.Rxc1 {#r} 1-0

[Event "Ch Russia (students)"]
[Site "masterchessopen.com Nizhnij Tagil (Russia)"]
[Date "2005.10.11"]
[Round "8"]
[White "Shestakov Dmitry (RUS)"]
[Black "Rekunov Evgeni (RUS)"]
[Result "1-0"]
[WhiteElo "2248"]
[BlackElo "2093"]

1.d4 d5 2.Nf3 Nf6 3.c4 e6 4.Nc3 c6 5.e3 Nbd7 6.Bd3 dxc4 7.Bxc4 b5 8.Bb3 a6
9.O-O c5 10.Qe2 Be7 11.dxc5 Bxc5 12.e4 Bb7 13.e5 Ng4 14.Ne4 Qb6 15.Bf4 O-O
16.Nxc5 Qxc5 17.Rfe1 Rac8 18.h3 Bxf3 19.Qxf3 Ndxe5 20.Qg3 Qxf2+ 21.Qxf2 Nxf2
22.Bxe5 Nd3 23.Re2 Nxe5 24.Rxe5 Rfd8 25.Rae1 {#r} 1-0

[Event "Ch Attika (w)"]
[Site "masterchessopen.com Attika (Greece)"]
[Date "2005.12.12"]
[Round "4"]
[White "Androni Konstantina (GRE)"]
[Black "Stoumbou Eleni (GRE)"]
[Result "1-0"]
[WhiteElo "1923"]
[BlackElo "1888"]

1.d4 d5 2.Nf3 c6 3.c4 e6 4.Nc3 Nf6 5.e3 Nbd7 6.Bd3 dxc4 7.Bxc4 b5 8.Bd3 Bd6
9.O-O Bb7 10.Qe2 a6 11.e4 e5 12.Rd1 Qc7 13.Bg5 O-O 14.dxe5 Bxe5 15.Nxe5 Qxe5
16.f4 Qc5+ 17.Kh1 h6 18.Bh4 Rfe8 19.e5 Qb6 20.Bf5 Qc7 21.Rac1 Rad8 22.Nd5 Nxd5
23.Rxd5 Nf6 24.Rxd8 Rxd8 25.Bxf6 Rd4 26.Qe3 c5 27.Qxd4 Bxg2+ 28.Kxg2 {#r} 1-0

[Event "It (open)"]
[Site "masterchessopen.com Mont de Marsan (France)"]
[Date "2005.12.28"]
[Round "5"]
[White "Ouakhir Mehdi (MAR)"]
[Black "Garaud Alain (FRA)"]
[Result "1-0"]
[WhiteElo "2239"]
[BlackElo "1820"]

1.d4 d5 2.c4 c6 3.Nc3 Nf6 4.e3 e6 5.Nf3 Nbd7 6.Bd3 dxc4 7.Bxc4 b5 8.Bd3 Bb7
9.e4 b4 10.Na4 Qa5 11.e5 Nd5 12.O-O c5 13.Re1 Rc8 14.b3 cxd4 15.Nxd4 a6 16.Qg4
Nc3 17.Nxc3 bxc3 18.Bf4 h5 19.Qh3 Qb4 20.Bg5 Qxd4 21.Qxe6+ {#r} 1-0

[Event "Ch Mittelfranken (HT)"]
[Site "masterchessopen.com Postbauer (Germany)"]
[Date "2006.04.15"]
[Round "9"]
[White "Suess Helmut (GER)"]
[Black "Ceglar Michael (GER)"]
[Result "1-0"]
[WhiteElo "2038"]
[BlackElo "2002"]

1.Nf3 d5 2.c4 c6 3.e3 Nf6 4.Nc3 Nbd7 5.d4 e6 6.Bd3 dxc4 7.Bxc4 Qc7 8.Qb3 b5
9.Bd3 e5 10.Ng5 Nb6 11.dxe5 Nfd5 12.Nxd5 Nxd5 13.O-O h6 14.Nf3 a6 15.Nd4 Bc5
16.Bd2 O-O 17.Rac1 Ba7 18.Qxd5 Rd8 19.Qe4 g6 20.Rxc6 Qe7 21.Rxg6+ fxg6 22.Qxa8
Bxd4 23.exd4 Bb7 24.Qa7 Rd7 25.Qb6 Bd5 26.Qxg6+ Kf8 27.Bxh6+ {#r} 1-0

[Event "Ch Arab Clubs (team)"]
[Site "masterchessopen.com Amman (Iordania)"]
[Round "7"]
[White "Kolin Shahin (SYR)"]
[Black "Salem A R Saleh (UAE)"]
[Result "1-0"]
[WhiteElo "2191"]
[BlackElo "2202"]

1.d4 d5 2.c4 e6 3.Nf3 c6 4.e3 Nf6 5.Nc3 Nbd7 6.Bd3 dxc4 7.Bxc4 b5 8.Be2 a6
9.O-O Bb7 10.b3 c5 11.Bb2 Be7 12.Rc1 O-O 13.Bd3 Bd6 14.Qe2 e5 15.dxe5 Bxf3
16.gxf3 Nxe5 17.Bf5 g6 18.f4 Nc6 19.Ne4 Nd5 20.Rcd1 Nce7 21.Bh3 Ra7 22.Qg4 Rd7
23.Qh4 f6 24.Be6+ {#r} 1-0

[Event "It (open)"]
[Site "masterchessopen.com Haarlem (Netherlands)"]
[Date "2006.07.07"]
[Round "1"]
[White "Strating Sybolt (NED)"]
[Black "Roggeveen Wouter (NED)"]
[Result "1-0"]
[WhiteElo "2287"]
[BlackElo "1941"]

1.d4 d5 2.c4 e6 3.Nc3 c6 4.e3 Nf6 5.Nf3 Nbd7 6.Bd3 dxc4 7.Bxc4 b5 8.Be2 a6
9.e4 b4 10.e5 bxc3 11.exf6 cxb2 12.fxg7 Bxg7 13.Bxb2 Bb7 14.Qc2 Rc8 15.O-O Qf6
16.Rab1 Qg6 17.Bd3 Qg4 18.h3 Qh5 19.Ba3 Ba8 20.Bxa6 Rd8 21.Be2 Rg8 22.Ne5 Qh4
23.Nxd7 Kxd7 24.Rfd1 Bf8 25.Rb3 Kc7 26.Bxf8 Rgxf8 27.Qc5 Rfe8 28.Qe5+ {#r} 1-0

[Event "Tournament"]
[Site "masterchessopen.com Zabrze (Poland)"]
[Date "2006.08.14"]
[Round "9"]
[White "Krajewska Katarzyna (POL)"]
[Black "Niedzwiedz Marek (POL)"]
[Result "1-0"]
[WhiteElo "1989"]
[BlackElo "2000"]

1.d4 d5 2.c4 c6 3.Nf3 Nf6 4.Nc3 e6 5.e3 Nbd7 6.Bd3 dxc4 7.Bxc4 b5 8.Be2 a6
9.O-O c5 10.d5 exd5 11.Nxd5 Bb7 12.Nxf6+ Nxf6 13.a4 Qb6 14.axb5 axb5 15.Rxa8+
Bxa8 16.Qb3 b4 17.Bc4 Qc7 18.Ng5 Bd6 19.Bxf7+ Ke7 20.Qe6+ Kf8 21.Qh3 Qd8
22.Bc4 Bd5 23.Bxd5 Nxd5 24.Qe6 Bxh2+ 25.Kh1 {#r} 1-0

[Event "Tournament (open)"]
[Site "masterchessopen.com Panevezys (Lithuania)"]
[Date "2006.08.18"]
[Round "8"]
[White "Zebelys Rimantas (LTU)"]
[Black "Klabis Rokas (LTU)"]
[Result "0-1"]
[WhiteElo "2010"]
[BlackElo "2101"]

1.Nf3 d5 2.d4 Nf6 3.c4 c6 4.Nc3 e6 5.e3 Nbd7 6.Bd3 dxc4 7.Bxc4 b5 8.Bd3 Bb7
9.Qe2 a6 10.e4 c5 11.d5 exd5 12.e5 Ng8 13.O-O Qb6 14.Bg5 Be7 15.Rae1 h6
16.Bxe7 Nxe7 17.e6 fxe6 18.Qxe6 Qxe6 19.Rxe6 Kf7 20.Rfe1 Rhe8 21.Rd6 Nf8
22.Re5 d4 23.Ne4 Bxe4 24.Bxe4 Rac8 25.Bb7 Rc7 26.Bxa6 Rb8 27.a4 g5 {#R} 0-1

[Event "Ch Europe (juniors) (under 12)"]
[Site "masterchessopen.com Herceg Novi (Montenegro)"]
[Date "2006.09.19"]
[Round "9"]
[White "Lapidus Mark (EST)"]
[Black "Klabis Rokas (LTU)"]
[Result "1-0"]
[WhiteElo "1842"]
[BlackElo "2101"]

1.Nf3 d5 2.c4 c6 3.e3 Nf6 4.Nc3 e6 5.d4 Nbd7 6.Bd3 dxc4 7.Bxc4 b5 8.Bd3 Bb7
9.O-O a6 10.Qe2 Qc7 11.e4 c5 12.d5 c4 13.Bc2 Be7 14.dxe6 fxe6 15.e5 Nd5 16.Nd4
Nxc3 17.Qh5+ g6 18.Bxg6+ hxg6 19.Qxh8+ Kf7 20.Qh7+ Ke8 21.Qxg6+ {#r} 1-0

[Event "It (open)"]
[Site "masterchessopen.com Goch (Germany)"]
[Date "2006.10.14"]
[Round "4"]
[White "Krebel Christoph (GER)"]
[Black "Ayad Amin (GER)"]
[Result "1-0"]
[WhiteElo "2100"]
[BlackElo "2060"]

1.d4 d5 2.c4 c6 3.Nf3 Nf6 4.Nc3 e6 5.e3 Nbd7 6.Bd3 dxc4 7.Bxc4 b5 8.Be2 Bb7
9.O-O a6 10.e4 b4 11.e5 bxc3 12.exf6 gxf6 13.bxc3 Qc7 14.Re1 c5 15.Bf1 h5
16.d5 O-O-O 17.Rb1 Nb6 18.c4 exd5 19.Qb3 Nxc4 20.Bd3 Bd6 21.Bf5+ Kb8 22.Qa4
Ka7 23.Be3 Rhe8 24.Bxc5+ {#r} 1-0

[Event "It (open)"]
[Site "masterchessopen.com Calvia (Spain)"]
[Date "2006.10.22"]
[Round "3"]
[White "Pogorelov Ruslan (UKR)"]
[Black "Dziuba Marcin (POL)"]
[Result "1-0"]
[WhiteElo "2462"]
[BlackElo "2535"]

{ Pogorelov Ruslan (UKR) +1 =1 -1 } 1.Nf3 d5 2.d4 c6 3.c4 e6 4.Nc3 Nf6 5.e3
Nbd7 6.Bd3 dxc4 7.Bxc4 b5 8.Bd3 Bd6 9.O-O ( 9.Qc2 Qc7 10.Bd2 Bb7 11.Ne2 O-O
12.Rc1 c5 13.Bxb5 Bxf3 14.gxf3 Qb7 15.Qa4 Qxf3 16.Bc6 Nd5 17.Rf1 N7b6 18.Qc2
c4 19.Bxa8 Rxa8 20.a3 Bxh2 21.e4 Nf6 22.Nc3 Qg2 23.e5 Nfd5 24.Qe4 Qxe4+
25.Nxe4 Nf4 26.Nc5 Nfd5 27.f4 Bg3+ 28.Ke2 g6 { ...1-0, Lugovoi Aleksei 2547 -
Ehlvest Jaan 2618 , Moscow 18. 2.2005 It (open) "Aeroflot" } ) 9...O-O 10.Qc2
Bb7 11.a3 a6 ( 11...h6 12.Bd2 a5 13.Rfd1 Rc8 14.Be2 Qc7 15.Rac1 Rfe8 16.h3 Qb8
17.Qb1 e5 18.dxe5 Nxe5 19.Nxe5 Rxe5 20.Bf3 c5 21.Bxb7 Qxb7 22.Qd3 Qe7 23.Nxb5
Bb8 24.Bc3 Rg5 25.Bxf6 Qxf6 26.Qe2 Re8 27.Nc3 Qc6 28.Qf1 c4 29.f4 Rf5 30.Re1
Ba7 31.Qf2 { ...0-1, Wang Yue 2626 - Zhang Pengxiang 2622 , Wuxi 27. 6.2006 Ch
China } ) 12.b4 a5 { = } 13.Rb1 axb4 14.axb4 Qe7 15.e4 ( 15.Bd2 Rfd8 16.Ne2 {
-0.11 CAP } ) 15...e5 16.dxe5 ( 16.Ne2 Ra4 17.dxe5 Bxe5 18.Nxe5 Nxe5 19.Nc3
Ra6 20.Be2 Rfa8 21.Be3 Qe6 22.Bd4 Nc4 23.Bxc4 Qxc4 24.Bxf6 gxf6 25.Rfc1 Bc8
26.Qd2 Be6 27.h4 R6a7 28.h5 Rd7 29.Nd5 cxd5 30.Rxc4 bxc4 31.h6 d4 32.Qf4 Rad8
33.Qxf6 Kf8 34.f4 c3 35.Rc1 Bb3 { ...1-0, Najer Evgeniy 2597 - Hachatrian
Vahagn 2357 , St. Petersburg 2000 Memorial A.Petrov (open) } ) 16...Nxe5
17.Nxe5 Bxe5 ( 17...Qxe5 18.f4 Qd4+ 19.Kh1 Bxb4 20.Ne2 Qc5 21.e5 Qxc2 22.Bxc2
Nd5 23.Nd4 Bc5 24.Nf5 Rfd8 25.Rb3 Bc8 26.Rg3 Bxf5 27.Bxf5 Ra1 28.Rgf3 Be3
29.Bb2 Rxf1+ 30.Rxf1 Nxf4 31.g3 Ne6 32.Ra1 c5 33.Bg4 c4 34.Ba3 h6 35.Rb1 c3
36.Bf5 Nd4 37.Be4 { ...0-1, Van Wely Loek 2668 - Nielsen Peter Heine 2620 ,
Panormo 2002 Ch Europe (blitz) } ) 18.Ne2 Rfd8 { -0.26 CAP } ( 18...Bc7 19.Ng3
Rfe8 20.f4 Ng4 21.Nf5 Qe6 22.Bb2 Ra2 23.h3 Nf6 24.Rf3 Bb6+ 25.Kh2 g6 26.Nh6+
Kf8 27.Qc3 Rxb2 28.Qxb2 Rd8 29.Qe2 Kg7 30.e5 Kxh6 31.f5 Qd5 32.exf6 Qd6+ 33.g3
c5 34.Qe3+ g5 35.h4 Qxf6 36.hxg5+ Qxg5 37.Rf4 Kg7 38.Qe5+ { ...1/2-1/2,
Pogorelov Ruslan 2439 - Korneev Oleg 2583 , Barcelona 30. 8.2004 It (open) } )
( 18...Qe6 19.f4 Bc7 20.e5 Ra2 21.Bb2 Nd5 22.Bxh7+ Kh8 23.Bf5 Bb6+ 24.Kh1 Qh6
25.Be4 Ne3 26.Qb3 Nxf1 27.Rxf1 Ra7 28.Rf3 Bc8 29.f5 Qd2 30.Ng3 Bf2 31.Nf1 Qe1
32.Bd3 Rd7 33.e6 fxe6 34.fxe6 Rxf3 35.exd7 Bxd7 36.gxf3 Be6 37.Qc3 { 1-0,
Kasparov Garry 2815 - Kramnik Vladimir 2780 , Moscow 1998 Match (blitz) } ) (
18...h6 19.h3 Rfe8 20.Be3 Bd6 21.Nd4 Nxe4 22.Rfd1 Bc7 23.Nf5 Qe5 24.Bxe4 Qxe4
25.Qxe4 Rxe4 26.Rd7 Bc8 27.Ne7+ Rxe7 28.Rxe7 Bf5 29.Rd1 Rc8 30.Bc5 Be6 31.Re1
Bf4 32.h4 Bd2 33.Re2 Bc3 34.h5 Bf6 35.R2xe6 fxe6 36.Rxe6 Kf7 37.Rd6 Be5
38.Rd7+ { ...1/2-1/2, Pogorelov Ruslan 2445 - Tyomkin Dimitri 2522 , Salou
2000 It (a) } ) 19.Ng3 { N } ( 19.f4 Bc7 20.e5 Ng4 21.Bxh7+ Kh8 22.h3 Bb6+ {
1/2-1/2, Sheehan Michael J - Bross Horst, Internet 2000 Tournament (e-mail) }
) 19...g6 20.Bg5 h6 21.Bxh6 Ng4 22.Bc1 Bd4 { ? } ( 22...Qh4 23.h3 Bxg3 24.fxg3
Qxg3 25.hxg4 Qxd3 26.Qf2 Qd4 27.Bb2 Qxf2+ 28.Rxf2 Bc8 29.g5 { } ) 23.Be2 Nxh2
24.Rd1 Qh4 25.Rxd4 Rxd4 26.Qc5 Rd7 27.Qg5 Qh7 { ? } ( 27...Qxg5 28.Bxg5 f6
29.Bxf6 Rh7 30.Rc1 Kf8 31.e5 Bc8 32.Rxc6 Ra1+ 33.Nf1 Bd7 { } ) 28.Nh5 { } {#r}
1-0

[Event "Ch Vietnam (masters)"]
[Site "masterchessopen.com Quang Ninh (Vietnam)"]
[Round "5"]
[White "Nguyen Huynh Minh H (VIE)"]
[Black "Dao Thien Hai (VIE)"]
[Result "0-1"]
[WhiteElo "2395"]
[BlackElo "2557"]

1.d4 d5 2.c4 e6 3.Nc3 c6 4.e3 Nf6 5.Nf3 Nbd7 6.Bd3 dxc4 7.Bxc4 b5 8.Be2 Bb7
9.e4 b4 10.e5 bxc3 11.exf6 gxf6 12.bxc3 c5 13.O-O Qc7 14.Bb5 a6 15.Ba4 c4
16.d5 Bxd5 17.Re1 O-O-O 18.Bxd7+ Rxd7 19.Qe2 Rg8 20.Be3 Qc6 {#R} 0-1

[Event "Landesliga (2nd) West 2006/07"]
[Site "masterchessopen.com Mecklenburg-Vorpommern (Germany)"]
[Date "2006.11.19"]
[Round "3"]
[White "Schreiber Thomas (GER)"]
[Black "Schmidt Joerg Dr (GER)"]
[Result "0-1"]
[WhiteElo "1936"]
[BlackElo "2134"]

1.d4 d5 2.Nf3 Nf6 3.e3 c6 4.c4 e6 5.Nc3 Nbd7 6.Be2 dxc4 7.Bxc4 b5 8.Bd3 b4
9.Ne2 Bb7 10.O-O c5 11.Ng3 Bd6 12.Qe2 O-O 13.e4 cxd4 14.Nxd4 Bxg3 15.hxg3 Nc5
16.Rd1 Qxd4 17.e5 Nxd3 18.Rxd3 Qe4 {#R} 0-1

[Event "Tournament (open)"]
[Site "masterchessopen.com Kastav (Croatia)"]
[Round "5"]
[White "Zrilic Bozo (CRO)"]
[Black "Doric Nenad (CRO)"]
[Result "0-1"]
[WhiteElo "2079"]
[BlackElo "2338"]

1.d4 d5 2.Nf3 Nf6 3.c4 c6 4.Nc3 e6 5.e3 Nbd7 6.Bd3 dxc4 7.Bxc4 b5 8.Bb3 b4
9.Ne2 Bb7 10.O-O c5 11.Nf4 Bd6 12.Bxe6 fxe6 13.Nxe6 Qe7 14.dxc5 Nxc5 15.Nxg7+
Qxg7 16.Qxd6 Bxf3 17.Qe5+ Kd7 18.g3 Qg4 19.Qf4 Qxf4 20.exf4 Nd3 21.Be3 Be2
22.Rfb1 Rhc8 23.Kg2 Rc2 24.h3 Ne4 25.a4 Ndxf2 26.Bxf2 Bd3 27.Rf1 Bxf1+ {#R}
0-1

[Event "Tournament (swiss)"]
[Site "masterchessopen.com Lisbon (Portugal)"]
[Date "2007.01.05"]
[Round "5"]
[White "Blalock Rex (USA)"]
[Black "Garcia Antonio Manuel Da Costa"]
[Result "1-0"]
[WhiteElo "2204"]
[BlackElo "1977"]

1.d4 d5 2.c4 c6 3.Nf3 Nf6 4.Nc3 e6 5.e3 Nbd7 6.Bd3 dxc4 7.Bxc4 b5 8.Bd3 Bb7
9.e4 a5 10.e5 Nd5 11.Nxd5 cxd5 12.O-O Be7 13.Be3 Rc8 14.Nd2 O-O 15.Qh5 g6
16.Qh6 Re8 17.Nf3 Bf8 18.Qh3 Bg7 19.Qg4 f6 20.exf6 Qxf6 21.Rfe1 Qf7 22.Ng5 Qf6
23.Nxh7 Kxh7 24.Qh5+ Kg8 25.Bxg6 Rf8 26.Bg5 Qxd4 27.Be7 Bh6 28.Bf7+ {#r} 1-0

[Event "It (open)"]
[Site "masterchessopen.com Belgrade (Yugoslavia)"]
[Date "2007.02.01"]
[Round "9"]
[White "Danojlic Petar (SRB)"]
[Black "Kuzmanovic Ratko (SRB)"]
[Result "1-0"]
[WhiteElo "1882"]
[BlackElo "1945"]

1.d4 c6 2.c4 d5 3.e3 Nd7 4.Nf3 Ngf6 5.Nc3 e6 6.Be2 dxc4 7.Bxc4 b5 8.Bd3 Bb7
9.O-O Be7 10.Re1 a6 11.e4 Nb6 12.e5 Nfd5 13.Ne4 Rc8 14.Bd2 c5 15.dxc5 Bxc5
16.Rc1 Bb4 17.Bxb4 Rxc1 18.Qxc1 Nxb4 19.Nd6+ Ke7 20.Qf4 {#r} 1-0

[Event "Tournament (open)"]
[Site "masterchessopen.com Lisbon (Portugal)"]
[Date "2007.02.21"]
[Round "4"]
[White "Garcia Antonio Manuel Da Costa"]
[Black "Bravo Antonio (POR)"]
[Result "1-0"]
[WhiteElo "1982"]
[BlackElo "1965"]

1.d4 d5 2.c4 c6 3.Nc3 Nf6 4.Nf3 e6 5.e3 Nbd7 6.Bd3 dxc4 7.Bxc4 b5 8.Bd3 Bb7
9.O-O Bd6 10.b3 O-O 11.Bb2 Qe7 12.Ne4 Nxe4 13.Bxe4 e5 14.dxe5 Nxe5 15.Nxe5
Bxe5 16.Bxh7+ Kh8 17.Qh5 g6 18.Bxe5+ f6 19.Bxg6+ Kg8 20.Bd6 Qg7 21.Bxf8 Rxf8
22.Be4 f5 23.Bf3 Rf6 24.Rad1 Rh6 25.Qe8+ Kh7 26.Rd7 {#r} 1-0

[Event "NRW Klasse 1 2006/07"]
[Site "masterchessopen.com Germany"]
[Date "2007.02.25"]
[Round "6"]
[White "Grobbel Rainer (GER)"]
[Black "Wuesten Christian (GER)"]
[Result "0-1"]
[WhiteElo "2103"]
[BlackElo "2063"]

1.d4 d5 2.c4 c6 3.Nc3 Nf6 4.Nf3 e6 5.e3 Nbd7 6.Bd3 dxc4 7.Bxc4 b5 8.Bd3 Bb7
9.O-O a6 10.Qe2 b4 11.Na4 c5 12.Nxc5 Bxc5 13.dxc5 Nxc5 14.Bc2 O-O 15.Nd4 Qb6
16.Nb3 Rfd8 17.Kh1 a5 18.Nxc5 Qxc5 19.Rd1 Ba6 20.Bd3 Bxd3 21.Rxd3 Qc4 22.Rxd8+
Rxd8 23.Qe1 Qc2 {#R} 0-1

[Event "Ch Bulgaria (qual.)"]
[Site "masterchessopen.com Plovdiv (Bulgaria)"]
[Date "2007.02.25"]
[Round "3"]
[White "Pantev Veselin (BUL)"]
[Black "Galunov Todor (BUL)"]
[Result "0-1"]
[WhiteElo "2363"]
[BlackElo "2279"]

1.d4 d5 2.Nf3 Nf6 3.c4 c6 4.e3 e6 5.Nc3 Nbd7 6.Bd3 dxc4 7.Bxc4 b5 8.Bd3 b4
9.Ne2 c5 10.O-O Bb7 11.Ng3 Be7 12.Qe2 O-O 13.Rd1 Qb6 14.Ne5 Rad8 15.Nc4 Qc7
16.e4 cxd4 17.e5 Nd5 18.Nh5 Nc5 19.Nxg7 Nxd3 20.Nh5 Kh8 21.Qxd3 Ne3 22.Nd6
Nxd1 23.Bh6 Nxb2 24.Qd2 Qc3 25.Qe2 Bxd6 26.exd6 d3 27.Qe3 Nc4 28.Qg5 Qxa1+
{#R} 0-1